000 00431nam a2200181Ia 4500
001 2382
005 20260306144802.0
008 260306t2003||||xx |||||||||||||| ||spa||
041 _aESP
082 _a616.89
_bC76
100 _aCompas, Bruce E.
_eAUT
245 0 _aIntroducción a la psicología clínica
260 _c2003
300 _a561 páginas :
_c23 cm.
650 _aGEN
654 _aCPS
942 _cLIB
_dJUS
_fJUS
_2ddc
_n
999 _c2382
_d2382